Dẫn luận ngôn ngữ học

Saved in:
Bibliographic Details
Format: Book
Published: 2010
Tags: Add Tag
No Tags, Be the first to tag this record!
Institutions: Mạng thư viện Đại học Đà Nẵng
LEADER 00448nam a22001811a 4500
001 000039403
003 15698
005 20160412021958.0
008 160412s2010 000
082 |a 4V(TK)1454 
245 |a Dẫn luận ngôn ngữ học  |c Vũ Đức Nghiệu Cb 
260 |c 2010 
OWN |a LNN 
999 |a From the UDN01 
TYP |a Monograph 
980 |a Mạng thư viện Đại học Đà Nẵng